| 000 | 00586nam a2200181Ia 4500 | ||
|---|---|---|---|
| 008 | 151018s9999 xx 000 0 und d | ||
| 082 |
_bRBASDV9938 _a920 |
||
| 100 | _aम स पारखे | ||
| 245 | _aराजराजेश्वर परशुराम | ||
| 250 | _b1 | ||
| 260 | _bमोंडकर अ.जा. | ||
| 300 | _a123 | ||
| 600 | _aम स पारखे | ||
| 630 | _aराजराजेश्वर परशुराम | ||
| 700 | _aम स पारखे | ||
| 730 | _aराजराजेश्वर परशुराम | ||
| 942 | _cBOOK | ||
| 999 |
_c1012300 _d1012297 |
||